[Event "4NCL Division 3"]
[Site "Daventry Court ENG"]
[Date "2014.05.03"]
[Round "9.110"]
[White "Mallon, Gunnar"]
[Black "Skulte, Christopher"]
[Result "0-1"]
[WhiteElo "1717"]
[BlackElo "1978"]
[PlyCount "52"]
[EventDate "2014.05.03"]
[WhiteTeam "BCM Rhinos (2)"]
[BlackTeam "Celtic Tigers 1"]

1. c4 d5 2. d4 Nc6 3. Nf3 Bg4 4. e3 e5 5. cxd5 Qxd5 6. Be2 exd4 7. exd4 O-O-O
8. Be3 Bb4+ 9. Nc3 Nge7 10. O-O Bxc3 11. bxc3 Nf5 12. Bf4 Nd6 13. Qc2 Qe4 14.
Qd2 Rhe8 15. Rfe1 Qd5 16. Rac1 f6 17. c4 Qf7 18. Ng5 Qd7 19. Bxg4 Qxg4 20. Rxe8
Rxe8 21. Bxd6 fxg5 22. Bc5 b6 23. d5 Ne5 24. Qe3 bxc5 25. Qxc5 Nf3+ 26. Kh1 Ne1
0-1

[Event "4NCL Division 3"]
[Site "Daventry Court ENG"]
[Date "2014.05.03"]
[Round "9.116"]
[White "Botham, C Paul"]
[Black "Punnett, Alan K"]
[Result "1/2-1/2"]
[WhiteElo "2032"]
[BlackElo "2056"]
[PlyCount "45"]
[EventDate "2014.05.03"]
[WhiteTeam "Iceni 1"]
[BlackTeam "Guildford 4"]

1. d4 Nf6 2. Nf3 d5 3. Bg5 Ne4 4. Bf4 e6 5. c3 Bd6 6. e3 O-O 7. Nbd2 Bxf4 8.
exf4 c5 9. Be2 cxd4 10. Nxd4 Qf6 11. g3 e5 12. Nxe4 dxe4 13. fxe5 Qxe5 14. Qd2
Nc6 15. Nxc6 bxc6 16. O-O Be6 17. Rfd1 Rab8 18. b3 c5 19. c4 Rbc8 20. Rab1 h6
21. Qb2 Qc7 22. Qc3 Rfd8 23. Rxd8+ 1/2-1/2

[Event "4NCL Division 3"]
[Site "Daventry Court ENG"]
[Date "2014.05.03"]
[Round "9.118"]
[White "Savage, Nicholas W"]
[Black "Galer, Sebastian E"]
[Result "1-0"]
[WhiteElo "1977"]
[BlackElo "1853"]
[PlyCount "143"]
[EventDate "2014.05.03"]
[WhiteTeam "Iceni 1"]
[BlackTeam "Guildford 4"]

1. d4 d5 2. c4 c6 3. Nf3 Nf6 4. Qc2 e6 5. g3 Nbd7 6. Nbd2 Be7 7. Bg2 b6 8. O-O
Bb7 9. e4 dxe4 10. Nxe4 Rc8 11. Rd1 O-O 12. Bf4 Nxe4 13. Qxe4 Nf6 14. Qe2 Bd6
15. Ne5 Qe7 16. Bg5 Rfd8 17. Ng4 h6 18. Nxf6+ gxf6 19. Bxh6 f5 20. Rac1 Qf6 21.
Qh5 Be7 22. Be3 Qg6 23. Qxg6+ fxg6 24. Bf4 Rd7 25. Be5 Rcd8 26. h4 Kf7 27. Kf1
c5 28. Bxb7 Rxb7 29. dxc5 bxc5 30. Rxd8 Bxd8 31. Rd1 Bf6 32. Bxf6 Kxf6 33. b3
Ke7 34. Ke2 Kf6 35. Rd8 Rc7 36. Ke3 Rc6 37. Rd7 a6 38. Kd3 e5 39. Kc3 f4 40. g4
e4 41. Rd5 Ke6 42. h5 gxh5 43. gxh5 Kf6 44. Kd2 Kg7 45. Re5 Rd6+ 46. Ke2 f3+
47. Ke3 Rd1 48. Kxe4 Ra1 49. Kxf3 Rxa2 50. Rxc5 Ra3 51. Rc7+ Kh6 52. Rb7 Kxh5
53. Ke4 Kg5 54. f4+ Kf6 55. Rb6+ Ke7 56. Kd5 Ra1 57. f5 Rd1+ 58. Kc5 a5 59. Kb5
a4 60. Kxa4 Kd7 61. f6 Rf1 62. f7 Kc7 63. Kb5 Rxf7 64. c5 Rf8 65. b4 Ra8 66.
Rg6 Rb8+ 67. Kc4 Rh8 68. Rg7+ Kc8 69. Kb5 Rf8 70. Kb6 Kb8 71. c6 Ka8 72. Ra7+
1-0

[Event "4NCL Division 3"]
[Site "Daventry Court ENG"]
[Date "2014.05.03"]
[Round "9.119"]
[White "Klein, Raimund"]
[Black "Feavyour, John A"]
[Result "0-1"]
[WhiteElo "1976"]
[BlackElo "2047"]
[PlyCount "124"]
[EventDate "2014.05.03"]
[WhiteTeam "Guildford 4"]
[BlackTeam "Iceni 1"]

1. e4 c5 2. d4 cxd4 3. c3 d3 4. Bxd3 Nc6 5. Nf3 d6 6. h3 Nf6 7. O-O g6 8. c4
Bg7 9. Nc3 O-O 10. Be3 Bd7 11. Qd2 Nb4 12. Bb1 Rc8 13. a3 Na6 14. e5 dxe5 15.
Nxe5 Be6 16. Qxd8 Rfxd8 17. Ba2 Nc5 18. Rac1 Nfe4 19. Nxe4 Nxe4 20. f4 b6 21.
Rc2 Ng3 22. Re1 Nf5 23. Bf2 Nd4 24. Rcc1 Nc6 25. Rc2 Nxe5 26. fxe5 Rd3 27. b3
Rcd8 28. Ree2 Bf5 29. Kh2 Rd1 30. Rb2 Bd3 31. Re3 Bh6 32. Re1 Rxe1 33. Bxe1 Bc1
34. Rf2 Bxa3 35. b4 Bf5 36. Rd2 Rxd2 37. Bxd2 Bb2 38. Bf4 Be6 39. b5 g5 40. Bg3
Bd4 41. Kh1 Bf5 42. h4 h6 43. hxg5 hxg5 44. Bb3 e6 45. Bd1 Bd3 46. Bb3 Kg7 47.
Kh2 Kg6 48. Kh3 Kf5 49. Bh2 Bxe5 50. Bg1 Bd6 51. g4+ Ke4 52. Kg2 Bc5 53. Bh2 e5
54. Bg3 Be3 55. Bh2 Kd4 56. Bg3 f6 57. Kf3 e4+ 58. Kg2 Bf4 59. Bf2+ e3 60. Be1
Bxc4 61. Ba4 Be2 62. Kh3 Bf1# 0-1

[Event "4NCL Division 3"]
[Site "Daventry Court ENG"]
[Date "2014.05.03"]
[Round "9.120"]
[White "Donaghay, Richard H"]
[Black "Stimpson, Philip M"]
[Result "1-0"]
[WhiteElo "1960"]
[BlackElo "2003"]
[PlyCount "50"]
[EventDate "2014.05.03"]
[WhiteTeam "Iceni 1"]
[BlackTeam "Guildford 4"]

1. e4 e5 2. Nf3 Nc6 3. Bc4 Bc5 4. c3 Nf6 5. b4 Bb6 6. Qe2 d6 7. d3 O-O 8. Bg5
h6 9. Bh4 Qe7 10. O-O Be6 11. Nbd2 g5 12. Bg3 Nh5 13. a4 Nxg3 14. hxg3 a6 15.
Nh2 Qf6 16. Ng4 Qg6 17. Ne3 Ne7 18. g4 Bxe3 19. fxe3 c6 20. Ba2 b5 21. Bb3 a5
22. bxa5 Rxa5 23. axb5 Rxb5 24. Bxe6 Qxe6 25. c4 Rfb8 1-0

[Event "4NCL Division 3"]
[Site "Daventry Court ENG"]
[Date "2014.05.03"]
[Round "9.125"]
[White "Williamson, Roger G"]
[Black "Briscoe, Chris"]
[Result "1/2-1/2"]
[WhiteElo "2146"]
[BlackElo "2207"]
[PlyCount "44"]
[EventDate "2014.05.03"]
[WhiteTeam "Ferry 'Cross the Maroczy 1"]
[BlackTeam "Surbiton"]

1. d4 Nf6 2. c4 e6 3. Nc3 Bb4 4. e3 Ne4 5. Qc2 f5 6. Bd3 Bxc3+ 7. bxc3 Nf6 8.
Ne2 O-O 9. O-O d6 10. f3 Qe8 11. Bd2 Bd7 12. a4 Nc6 13. Ng3 Na5 14. e4 fxe4 15.
fxe4 e5 16. Nf5 Bxf5 17. exf5 e4 18. Be2 Qc6 19. Qa2 d5 20. cxd5 Qxd5 21. Qxd5+
Nxd5 22. Rab1 Nb6 1/2-1/2

[Event "4NCL Division 3"]
[Site "Daventry Court ENG"]
[Date "2014.05.03"]
[Round "9.127"]
[White "Bimpson, Tom"]
[Black "Henderson, Ian R"]
[Result "1/2-1/2"]
[WhiteElo "2044"]
[BlackElo "2059"]
[PlyCount "61"]
[EventDate "2014.05.03"]
[WhiteTeam "Ferry 'Cross the Maroczy 1"]
[BlackTeam "Surbiton"]

1. d4 d5 2. Nf3 Nc6 3. g3 Bg4 4. Bg2 e6 5. h3 Bh5 6. c4 Bb4+ 7. Nc3 Nf6 8. a3
Bxc3+ 9. bxc3 O-O 10. Bg5 h6 11. Bxf6 Qxf6 12. Qa4 a6 13. O-O Rab8 14. Rab1 Bg6
15. Rb2 Be4 16. Nd2 Bxg2 17. Kxg2 dxc4 18. Qxc4 Qe7 19. a4 Na5 20. Qb4 Qxb4 21.
cxb4 Nc6 22. e3 Ne7 23. Rc1 c6 24. Nc4 Rfd8 25. a5 Nd5 26. Ne5 f6 27. Nd3 e5
28. Rc4 Nc7 29. Nc5 exd4 30. Rxd4 Rxd4 31. exd4 1/2-1/2

[Event "4NCL Division 3"]
[Site "Daventry Court ENG"]
[Date "2014.05.03"]
[Round "9.128"]
[White "Crombleholme, Alan K"]
[Black "Campbell, Ian"]
[Result "1/2-1/2"]
[WhiteElo "2101"]
[BlackElo "1999"]
[PlyCount "94"]
[EventDate "2014.05.03"]
[WhiteTeam "Surbiton"]
[BlackTeam "Ferry 'Cross the Maroczy 1"]

1. d4 d6 2. Nc3 g6 3. e4 Bg7 4. Be3 a6 5. Qd2 Nd7 6. f3 h6 7. Nh3 e6 8. Be2 Ne7
9. O-O b6 10. Rad1 Bb7 11. Nf2 Nf6 12. Rfe1 d5 13. Bf1 Kf8 14. g4 dxe4 15. fxe4
Qd7 16. Bh3 g5 17. Bg2 Ng6 18. e5 Nd5 19. Nxd5 Bxd5 20. Ne4 Nh4 21. Rf1 Rd8 22.
Bh1 Qc6 23. Qf2 Rd7 24. Ng3 Bxh1 25. Nxh1 Ke8 26. Ng3 Rf8 27. Qe2 Kd8 28. Ne4
a5 29. Nxg5 Kc8 30. Nf3 Nxf3+ 31. Rxf3 Qe4 32. Rf4 Qg6 33. Qf3 Kb8 34. Qe4 Qxe4
35. Rxe4 Rg8 36. Rf1 Kc8 37. Ref4 Rf8 38. a4 Kd8 39. R4f3 Ke8 40. Rh3 Rg8 41.
c3 Bf8 42. Bxh6 Rxg4+ 43. Kh1 Bxh6 44. Rxh6 c5 45. Rh8+ Ke7 46. Rh7 Ke8 47.
Rh8+ Ke7 1/2-1/2

[Event "4NCL Division 3"]
[Site "Daventry Court ENG"]
[Date "2014.05.03"]
[Round "9.129"]
[White "Hawkins, James NH"]
[Black "Kalavannan, Koby"]
[Result "0-1"]
[WhiteElo "1930"]
[BlackElo "1881"]
[PlyCount "90"]
[EventDate "2014.05.03"]
[WhiteTeam "Ferry 'Cross the Maroczy 1"]
[BlackTeam "Surbiton"]

1. e4 c5 2. Nf3 e6 3. d4 cxd4 4. Nxd4 a6 5. Nc3 Qc7 6. Be2 Nf6 7. O-O Bb4 8.
Qd3 Nc6 9. Nxc6 bxc6 10. Bd2 Be7 11. Kh1 d5 12. f4 Bb7 13. e5 Nd7 14. Bf3 Rd8
15. Rae1 a5 16. Be2 Nc5 17. Qf3 g6 18. Bc1 h5 19. Rd1 h4 20. h3 Na6 21. Be3 d4
22. Bxd4 c5 23. Nb5 Bxf3 24. Nxc7+ Nxc7 25. Rxf3 cxd4 26. Rfd3 Bc5 27. c3 Nd5
28. cxd4 Nxf4 29. R3d2 Nxe2 30. Rxe2 Rxd4 31. Rc1 Bb6 32. Rec2 O-O 33. Rc6 Bd8
34. Rd6 Re4 35. Rcd1 Bg5 36. Rd7 Rxe5 37. Rf1 Kg7 38. Ra7 Bd2 39. Kh2 g5 40.
Rd7 Re1 41. Rxe1 Bxe1 42. Kg1 Rc8 43. Kf1 Bg3 44. Ra7 Rc1+ 45. Ke2 Rc2+ 0-1

[Event "4NCL Division 3"]
[Site "Daventry Court ENG"]
[Date "2014.05.03"]
[Round "9.130"]
[White "Fenwick, Hugh F"]
[Black "Boumphrey, Luke S"]
[Result "1/2-1/2"]
[WhiteElo "1870"]
[BlackElo "1988"]
[PlyCount "120"]
[EventDate "2014.05.03"]
[WhiteTeam "Surbiton"]
[BlackTeam "Ferry 'Cross the Maroczy 1"]

1. e4 c5 2. c3 d5 3. exd5 Nf6 4. d4 Nxd5 5. Nf3 e6 6. Bc4 Nc6 7. O-O Be7 8.
Nbd2 cxd4 9. cxd4 O-O 10. Ne4 b6 11. Re1 Bb7 12. Nfg5 h6 13. Nf3 Nf6 14. Nc3
Rc8 15. Bd3 Nb4 16. Bb1 Nbd5 17. Bd2 Nxc3 18. bxc3 Ba3 19. Qb3 Qd6 20. Ne5 Qd5
21. f3 Qxb3 22. axb3 Bb2 23. Rxa7 Bd5 24. c4 Bxd4+ 25. Kf1 b5 26. Rxf7 bxc4 27.
Rxf8+ Kxf8 28. bxc4 Rxc4 29. Nxc4 Bxc4+ 30. Re2 Nd5 31. Ke1 Bxe2 32. Kxe2 Bc3
33. Kd3 Bxd2 34. Kxd2 Kf7 35. Be4 Kf6 36. g3 g5 37. Kd3 Ke5 38. Bg6 Nf6 39. Ke3
Nd5+ 40. Kd3 Kf6 41. Be4 Ne7 42. Ke3 e5 43. Kf2 Nc8 44. Ke2 Nd6 45. Bd5 h5 46.
Ke3 Kf5 47. Bb3 h4 48. Bc2+ Kf6 49. Bd3 Nf5+ 50. Kf2 Nd4 51. Ke3 Nf5+ 52. Kf2
Nd6 53. Ke3 Ke6 54. f4 exf4+ 55. gxf4 g4 56. Kf2 Nf5 57. Be2 Nh6 58. Bd3 Ng8
59. Bc4+ Kf5 60. Bxg8 Kxf4 1/2-1/2

[Event "4NCL Division 3"]
[Site "Daventry Court ENG"]
[Date "2014.05.03"]
[Round "9.135"]
[White "Mercs, Peter J"]
[Black "Hall, John"]
[Result "1/2-1/2"]
[WhiteElo "2080"]
[BlackElo "2253"]
[PlyCount "98"]
[EventDate "2014.05.03"]
[WhiteTeam "Ashfield-Breadsall"]
[BlackTeam "Leeds University Old Boys"]

1. e4 c5 2. Nf3 d6 3. d4 cxd4 4. Nxd4 Nf6 5. Nc3 g6 6. Be2 Bg7 7. O-O O-O 8.
Bg5 Nc6 9. Nb3 Be6 10. Kh1 Rc8 11. f4 a6 12. Bd3 b5 13. Qd2 b4 14. Ne2 a5 15.
f5 Bd7 16. Bh6 Ne5 17. Bxg7 Kxg7 18. Nbd4 Nc4 19. Bxc4 Rxc4 20. Rf4 g5 21. Rff1
Nxe4 22. Qe3 d5 23. Rad1 h6 24. Nf3 Qc7 25. Rxd5 Bc6 26. Rd4 Rxc2 27. Rxe4 Bxe4
28. Qxe4 Qc4 29. Nfd4 Rxe2 30. f6+ Kg8 31. Qxe2 Qxd4 32. fxe7 Re8 33. h3 Qd6
34. Re1 Kg7 35. Qe4 Qg6 36. Qe5+ Qf6 37. Qxa5 Rxe7 38. Qxb4 Rxe1+ 39. Qxe1 Qxb2
40. a4 Qa3 41. Qe5+ Kh7 42. a5 Kg6 43. Kh2 h5 44. Qe4+ Kg7 45. Qd4+ f6 46. Qd7+
Kg6 47. Qc7 h4 48. Qc2+ Kh6 49. Qd2 Qa1 1/2-1/2

[Event "4NCL Division 3"]
[Site "Daventry Court ENG"]
[Date "2014.05.03"]
[Round "9.136"]
[White "Watson, Phil R"]
[Black "Walker, Andrew N"]
[Result "1-0"]
[WhiteElo "2153"]
[BlackElo "2098"]
[PlyCount "119"]
[EventDate "2014.05.03"]
[WhiteTeam "Leeds University Old Boys"]
[BlackTeam "Ashfield-Breadsall"]

1. d4 f5 2. c4 Nf6 3. g3 e6 4. Bg2 Be7 5. Nf3 O-O 6. O-O d6 7. Nc3 Qe8 8. Re1
Qg6 9. Qc2 Ne4 10. Nd2 Nxc3 11. bxc3 e5 12. c5 e4 13. cxd6 Bxd6 14. Nc4 Nc6 15.
Rb1 Ne7 16. e3 h5 17. Nxd6 cxd6 18. c4 h4 19. Kf1 b6 20. Ba3 Bb7 21. Rec1 Rfc8
22. Qa4 hxg3 23. hxg3 Nc6 24. c5 dxc5 25. dxc5 Na5 26. cxb6 axb6 27. Rxc8+ Rxc8
28. Rc1 Rxc1+ 29. Bxc1 Qc6 30. Qxc6 Bxc6 31. Ke1 Bd5 32. a3 Kf7 33. Bf1 Ke6 34.
Bd2 Kd6 35. Bb4+ Kc6 36. Kd2 Bc4 37. Bg2 Bd5 38. Kc3 Nb3 39. Bf1 Be6 40. Bf8 g6
41. Be7 Kd7 42. Bf6 Kc6 43. Bd8 Nc1 44. Kd4 Bd7 45. Ke5 Nd3+ 46. Kf6 Nxf2 47.
Kxg6 Ng4 48. Bg5 Kd6 49. Bf4+ Kd5 50. Kf7 Bc8 51. Ke7 Nf2 52. Kd8 Be6 53. Ba6
Nd3 54. Ke7 Nc5 55. Bb5 Nd3 56. Bc7 Kc5 57. Kxe6 Kxb5 58. Kxf5 Ka4 59. Bxb6
Kxa3 60. g4 1-0

[Event "4NCL Division 3"]
[Site "Daventry Court ENG"]
[Date "2014.05.03"]
[Round "9.137"]
[White "Burke, Steven J"]
[Black "Deighton, Simon"]
[Result "0-1"]
[WhiteElo "1999"]
[BlackElo "2021"]
[PlyCount "66"]
[EventDate "2014.05.03"]
[WhiteTeam "Ashfield-Breadsall"]
[BlackTeam "Leeds University Old Boys"]

1. d4 Nf6 2. c4 g6 3. f3 Bg7 4. e4 d6 5. Nc3 O-O 6. Be3 c5 7. d5 e6 8. Qd2 exd5
9. cxd5 Re8 10. Bb5 Nbd7 11. a4 a6 12. Bc4 Ne5 13. b3 Qa5 14. Nge2 b5 15. Bd3
Nxd3+ 16. Qxd3 b4 17. Nd1 Nxe4 18. Rc1 Nf6 19. Bf4 Qc7 20. Ne3 Nd7 21. O-O Ne5
22. Qd2 a5 23. Nc4 Ba6 24. Bxe5 Bxe5 25. f4 Bg7 26. f5 Qe7 27. Ng3 Bxc4 28.
Rfe1 Bd4+ 29. Kh1 Bc3 30. Rxe7 Bxd2 31. Rxe8+ Rxe8 32. Rxc4 Re1+ 33. Nf1 Rxf1#
0-1

[Event "4NCL Division 3"]
[Site "Daventry Court ENG"]
[Date "2014.05.03"]
[Round "9.138"]
[White "Birkin, Mark H"]
[Black "Jarvis, Derek A"]
[Result "1-0"]
[WhiteElo "1944"]
[BlackElo "1913"]
[PlyCount "63"]
[EventDate "2014.05.03"]
[WhiteTeam "Leeds University Old Boys"]
[BlackTeam "Ashfield-Breadsall"]

1. e4 e6 2. d3 d5 3. Nd2 c5 4. Ngf3 Nc6 5. g3 g6 6. Bg2 Bg7 7. O-O Nge7 8. Re1
O-O 9. h4 b6 10. h5 a5 11. a4 Nb4 12. e5 Qc7 13. Nf1 Ba6 14. N1h2 gxh5 15. Bg5
Ng6 16. Qd2 Nc6 17. Bh6 Ncxe5 18. Bxg7 Nxf3+ 19. Bxf3 Kxg7 20. Bxh5 Rae8 21.
Ng4 Qe7 22. Kg2 Bb7 23. Rh1 d4+ 24. f3 Rh8 25. Qh6+ Kg8 26. Rh2 f5 27. Bxg6
fxg4 28. Bxe8 Bxf3+ 29. Kf2 Qxe8 30. Rh5 Kf7 31. Re1 Qe7 32. Rf5+ 1-0

[Event "4NCL Division 3"]
[Site "Daventry Court ENG"]
[Date "2014.05.03"]
[Round "9.145"]
[White "Maleki, Emanuel"]
[Black "Robertson, David J"]
[Result "1/2-1/2"]
[WhiteElo "2261"]
[BlackElo "1929"]
[PlyCount "64"]
[EventDate "2014.05.03"]
[WhiteTeam "Fermented Sharks"]
[BlackTeam "Spirit of Atticus B"]

1. Nf3 d5 2. d4 e6 3. c4 c6 4. Nc3 Nf6 5. e3 Nbd7 6. Qc2 Bd6 7. b3 O-O 8. Be2
Re8 9. Bb2 b6 10. O-O Bb7 11. cxd5 exd5 12. Rac1 Qe7 13. Rfe1 Ba3 14. Bxa3 Qxa3
15. Bd3 Rac8 16. Bf5 Qd6 17. Ne5 g6 18. Bh3 Rcd8 19. f4 Nb8 20. f5 Rxe5 21.
dxe5 Qxe5 22. fxg6 fxg6 23. b4 Na6 24. a3 Nc7 25. Qd3 Ba6 26. Qd4 Re8 27. a4
Bc4 28. a5 bxa5 29. bxa5 Qxd4 30. exd4 Rxe1+ 31. Rxe1 Kf7 32. Bc8 Nh5 {Unable
to read remaining moves on either scoresheet.} 1/2-1/2

[Event "4NCL Division 3"]
[Site "Daventry Court ENG"]
[Date "2014.05.03"]
[Round "9.146"]
[White "Cooper, John G"]
[Black "Thorarinsson, Pall A"]
[Result "1/2-1/2"]
[WhiteElo "2046"]
[BlackElo "2233"]
[PlyCount "48"]
[EventDate "2014.05.03"]
[WhiteTeam "Spirit of Atticus B"]
[BlackTeam "Fermented Sharks"]

1. e4 d6 2. d4 Nf6 3. Nc3 g6 4. Nf3 Bg7 5. Be2 O-O 6. O-O c5 7. dxc5 dxc5 8.
Qxd8 Rxd8 9. Be3 b6 10. Rad1 Nc6 11. Rxd8+ Nxd8 12. Rd1 Bb7 13. e5 Ng4 14. Bf4
Ne6 15. g3 Rd8 16. Rxd8+ Nxd8 17. Nb5 a6 18. Nc7 Bxf3 19. Bxf3 Nxe5 20. Bg2 Ne6
21. Nxe6 fxe6 22. Bb7 a5 23. b3 Kf7 24. h4 Bf6 1/2-1/2

[Event "4NCL Division 3"]
[Site "Daventry Court ENG"]
[Date "2014.05.03"]
[Round "9.147"]
[White "Farkas, Daniel"]
[Black "Bryant, Richard BE"]
[Result "1-0"]
[WhiteElo "2120"]
[BlackElo "1957"]
[PlyCount "97"]
[EventDate "2014.05.03"]
[WhiteTeam "Fermented Sharks"]
[BlackTeam "Spirit of Atticus B"]

1. e4 e6 2. d4 d5 3. Nd2 Nf6 4. e5 Nfd7 5. Bd3 c5 6. c3 Nc6 7. Ngf3 cxd4 8.
cxd4 Be7 9. O-O f5 10. exf6 Nxf6 11. Ne5 Nxd4 12. Qa4+ Nc6 13. Bb5 O-O 14. Bxc6
bxc6 15. Nxc6 Qc7 16. Nxe7+ Qxe7 17. b3 Bd7 18. Ba3 Qf7 19. Qd4 Rfe8 20. Nf3
Bb5 21. Rfe1 Qh5 22. Rac1 Qf7 23. Bb2 Rac8 24. a4 Ba6 25. b4 Rxc1 26. Rxc1 Be2
27. Ne5 Qb7 28. b5 Rc8 29. Nc6 Re8 30. Qxa7 Qxa7 31. Nxa7 Bc4 32. b6 Nd7 33. a5
Kf7 34. f4 Nc5 35. Be5 Ra8 36. Bd6 Nb7 37. Bb4 Ke8 38. Ra1 Ba6 39. Rc1 Bc4 40.
Re1 Kd7 41. f5 Re8 42. fxe6+ Rxe6 43. Rxe6 Kxe6 44. Nc6 Kd7 45. Ne5+ Kc8 46.
Nxc4 dxc4 47. a6 Nd8 48. b7+ Nxb7 49. a7 1-0

[Event "4NCL Division 3"]
[Site "Daventry Court ENG"]
[Date "2014.05.03"]
[Round "9.148"]
[White "Mort, Andrew J"]
[Black "Stevenson, James AB"]
[Result "1/2-1/2"]
[WhiteElo "1966"]
[BlackElo "2101"]
[PlyCount "45"]
[EventDate "2014.05.03"]
[WhiteTeam "Spirit of Atticus B"]
[BlackTeam "Fermented Sharks"]

1. c4 g6 2. g3 Bg7 3. Bg2 Nf6 4. Nc3 O-O 5. Nf3 d6 6. O-O Nc6 7. d3 a6 8. a3
Rb8 9. Nd2 Bd7 10. b4 b5 11. cxb5 axb5 12. Bb2 e5 13. Rc1 Nd4 14. Nb3 Nxb3 15.
Qxb3 Be6 16. Qc2 Qd7 17. Nb1 Rfc8 18. Bc6 Qe7 19. d4 Bd7 20. dxe5 dxe5 21. Rfd1
Rb6 22. Bxd7 Nxd7 23. Rd5 1/2-1/2

[Event "4NCL Division 3"]
[Site "Daventry Court ENG"]
[Date "2014.05.03"]
[Round "9.149"]
[White "Agnew, Alan"]
[Black "Connor, Stephen J"]
[Result "1-0"]
[WhiteElo "2081"]
[BlackElo "2010"]
[PlyCount "105"]
[EventDate "2014.05.03"]
[WhiteTeam "Fermented Sharks"]
[BlackTeam "Spirit of Atticus B"]

1. e4 c5 2. Nf3 d6 3. g3 Nf6 4. d3 g6 5. Bg2 Bg7 6. O-O Nc6 7. c3 O-O 8. Nbd2
Bg4 9. h3 Bd7 10. a3 Rc8 11. Re1 Ne5 12. Nxe5 dxe5 13. Nf3 Qc7 14. d4 cxd4 15.
cxd4 exd4 16. e5 Nd5 17. Qxd4 Qc5 18. b4 Qxd4 19. Nxd4 e6 20. Bb2 Rc7 21. Bxd5
exd5 22. Kg2 Rfc8 23. f4 h5 24. Rac1 Rxc1 25. Rxc1 Rxc1 26. Bxc1 Kf8 27. b5 Ke8
28. Bd2 Bf8 29. Bb4 Bxb4 30. axb4 Kd8 31. b6 axb6 32. h4 Ke7 33. Kf3 Bf5 34.
Ke3 Bd7 35. Nf3 Bg4 36. Ng5 Be6 37. Kd4 Kd7 38. Nh7 Kc6 39. Nf6 b5 40. Ne8 Kb6
41. f5 Bxf5 42. Kxd5 Be6+ 43. Kd6 Bb3 44. Nf6 Bc4 45. Nh7 Ba2 46. Ng5 Bc4 47.
Ke7 Kc6 48. Nxf7 Kd5 49. e6 Kd4 50. Kf6 Bxe6 51. Kxe6 Kc4 52. Nd6+ Kxb4 53.
Nxb7 1-0

[Event "4NCL Division 3"]
[Site "Daventry Court ENG"]
[Date "2014.05.03"]
[Round "9.155"]
[White "Selway, Richard P"]
[Black "Potter, Karl H"]
[Result "1/2-1/2"]
[WhiteElo "2040"]
[BlackElo "1911"]
[PlyCount "80"]
[EventDate "2014.05.03"]
[WhiteTeam "KJCA Knights"]
[BlackTeam "e2e4.org.uk 4"]

1. e4 e6 2. d4 d5 3. Nc3 Bb4 4. e5 c5 5. a3 Bxc3+ 6. bxc3 Qc7 7. Qg4 f5 8. Qg3
cxd4 9. cxd4 Ne7 10. Bd2 O-O 11. Bd3 b6 12. Ne2 Ba6 13. Nf4 Qd7 14. h4 Bxd3 15.
Qxd3 Nbc6 16. h5 Rac8 17. h6 g6 18. O-O Nd8 19. a4 Rc4 20. a5 b5 21. Rfb1 a6
22. Rb4 Ndc6 23. Rxc4 dxc4 24. Qa3 Rd8 25. Ne2 Nd5 26. c3 Qe7 27. Qxe7 Ncxe7
28. Bg5 Rd7 29. Kf1 Nc6 30. Bd2 Nd8 31. Nf4 Nxf4 32. Bxf4 Nc6 33. Rd1 Ne7 34.
Ke2 Nd5 35. Bd2 Rf7 36. Rc1 Kf8 37. Bg5 Ke8 38. Kd2 Kd7 39. Rb1 Ke8 40. Rc1 Kd7
1/2-1/2

[Event "4NCL Division 3"]
[Site "Daventry Court ENG"]
[Date "2014.05.03"]
[Round "9.156"]
[White "Livesey, R  Nigel"]
[Black "Hand, Freddie"]
[Result "0-1"]
[WhiteElo "1898"]
[BlackElo "1754"]
[PlyCount "76"]
[EventDate "2014.05.03"]
[WhiteTeam "e2e4.org.uk 4"]
[BlackTeam "KJCA Knights"]

1. c4 c6 2. g3 d5 3. Qc2 Nf6 4. Nf3 e6 5. Bg2 Nbd7 6. O-O Bd6 7. Nc3 O-O 8. d4
b6 9. e4 dxe4 10. Ng5 Bb7 11. Ngxe4 Bc7 12. b3 Nxe4 13. Nxe4 e5 14. Bb2 f5 15.
Nd2 Qf6 16. Nf3 e4 17. d5 exf3 18. Bxf6 fxg2 19. Rfd1 Rxf6 20. Kxg2 f4 21. Qe4
Raf8 22. d6 Bxd6 23. gxf4 Ba8 24. Rxd6 Rxd6 25. Qe7 Rd2 26. Qe6+ Kh8 27. Qe7
Rg8 28. Re1 Nf6 29. c5 bxc5 30. Qxa7 c4 31. Qc5 Rd5 32. Qe7 c5 33. Kf1 Rh5 34.
f3 Rxh2 35. Kg1 Rh3 36. Qxc5 cxb3 37. axb3 Bxf3 38. Qc7 Ng4 0-1

[Event "4NCL Division 3"]
[Site "Daventry Court ENG"]
[Date "2014.05.03"]
[Round "9.157"]
[White "Anilkumar, Anantha P (jnr)"]
[Black "David, Ivan"]
[Result "1-0"]
[WhiteElo "1750"]
[BlackElo "1845"]
[PlyCount "51"]
[EventDate "2014.05.03"]
[WhiteTeam "KJCA Knights"]
[BlackTeam "e2e4.org.uk 4"]

1. e4 d6 2. d4 Nf6 3. Nc3 g6 4. f4 Bg7 5. Nf3 c5 6. dxc5 O-O 7. cxd6 exd6 8.
Bc4 a6 9. O-O Nc6 10. Qe2 Bg4 11. Be3 b5 12. Bb3 Na5 13. Bd4 Nxb3 14. axb3 Re8
15. Qd3 b4 16. Nd5 Nxd5 17. exd5 Bf5 18. Qd2 a5 19. Bxg7 Kxg7 20. Nd4 Be4 21.
f5 Qh4 22. f6+ Kg8 23. Nc6 h6 24. Ne7+ Kh7 25. Rf4 Qg5 26. h4 1-0

[Event "4NCL Division 3"]
[Site "Daventry Court ENG"]
[Date "2014.05.03"]
[Round "9.165"]
[White "Sullivan, Daniel JS"]
[Black "Fogg, Martin"]
[Result "1-0"]
[WhiteElo "1966"]
[BlackElo "1934"]
[PlyCount "75"]
[EventDate "2014.05.03"]
[WhiteTeam "Bradford DCA Knights B"]
[BlackTeam "Anglian Avengers 3"]

1. d4 Nf6 2. c4 e6 3. Nc3 Bb4 4. e3 O-O 5. Nge2 d5 6. a3 Be7 7. cxd5 exd5 8.
Nf4 c6 9. Bd3 Re8 10. O-O Nbd7 11. Bc2 Nf8 12. f3 Ne6 13. e4 dxe4 14. Nxe6 Bxe6
15. fxe4 Qa5 16. Qd3 Qh5 17. Bf4 Rad8 18. Kh1 Bc5 19. Ne2 Bxd4 20. Nxd4 c5 21.
Qg3 cxd4 22. Bc7 Kh8 23. Bxd8 Rxd8 24. Rad1 Qc5 25. Bd3 Ng4 26. Rc1 Qe5 27.
Qxe5 Nxe5 28. Rfd1 Bb3 29. Rd2 Nc6 30. Bb5 Rd6 31. Bxc6 bxc6 32. e5 Rg6 33.
Rxd4 h6 34. Rd7 Bd5 35. Rc2 a5 36. Kg1 Re6 37. Re2 a4 38. Rxf7 1-0

[Event "4NCL Division 3"]
[Site "Daventry Court ENG"]
[Date "2014.05.03"]
[Round "9.166"]
[White "Cook, Michael P"]
[Black "Jennings, Roger W"]
[Result "0-1"]
[WhiteElo "2021"]
[BlackElo "2138"]
[PlyCount "144"]
[EventDate "2014.05.03"]
[WhiteTeam "Anglian Avengers 3"]
[BlackTeam "Bradford DCA Knights B"]

1. d4 g6 2. Nf3 Bg7 3. e4 d6 4. Nc3 Nf6 5. Be3 O-O 6. Qd2 Re8 7. h3 c6 8. Bd3
Qa5 9. O-O Nbd7 10. Rfe1 e5 11. Rad1 exd4 12. Nxd4 Nc5 13. Nb3 Nxb3 14. axb3
Be6 15. Bh6 Bh8 16. Bg5 Nd7 17. Be2 Nc5 18. Bf3 Be5 19. Bg4 Bxc3 20. Qxc3 Qxc3
21. bxc3 Bxg4 22. hxg4 Nxe4 23. Bh6 d5 24. Re3 Re6 25. f3 Nc5 26. Rxe6 Nxe6 27.
Be3 a6 28. Kf2 Re8 29. g3 Kg7 30. Ra1 Rd8 31. Ra4 c5 32. Ke2 Kf6 33. Ra1 d4 34.
Bd2 Rd5 35. c4 Rd7 36. Kd3 Kg7 37. Rh1 f6 38. Re1 Kf7 39. Rh1 Ke8 40. Re1 Re7
41. f4 Ng7 42. Rh1 Ne6 43. f5 Nf8 44. b4 b6 45. bxc5 bxc5 46. Ra1 Nd7 47. Bf4
Ne5+ 48. Bxe5 Rxe5 49. Rxa6 gxf5 50. gxf5 Rxf5 51. Ke4 Re5+ 52. Kf4 Kf7 53. Rc6
Kg6 54. g4 h5 55. gxh5+ Rxh5 56. Ke4 Kf7 57. Kf4 Ke7 58. Ke4 Rh4+ 59. Kd5 Rh5+
60. Ke4 Re5+ 61. Kf4 Kf7 62. Rc7+ Ke6 63. Rc6+ Ke7 64. Kg4 Kd7 65. Rxf6 Re2 66.
Rf5 Kc6 67. Rf6+ Kb7 68. c3 dxc3 69. Rf3 c2 70. Rc3 Kb6 71. Kf3 Rh2 72. Ke4 Ka5
0-1

[Event "4NCL Division 3"]
[Site "Daventry Court ENG"]
[Date "2014.05.03"]
[Round "9.167"]
[White "Hurwitz, Ed JG"]
[Black "Peck, Silas"]
[Result "1/2-1/2"]
[WhiteElo "2022"]
[BlackElo "1842"]
[PlyCount "65"]
[EventDate "2014.05.03"]
[WhiteTeam "Bradford DCA Knights B"]
[BlackTeam "Anglian Avengers 3"]

1. g3 d5 2. Nf3 Nf6 3. Bg2 c6 4. O-O Nbd7 5. c4 e6 6. d3 Be7 7. b3 O-O 8. Bb2
Re8 9. Qc2 Nf8 10. e4 Ng6 11. Nbd2 h6 12. Rad1 Bd7 13. e5 Nh7 14. h4 Rc8 15.
Rfe1 c5 16. Nf1 Qc7 17. h5 Ngf8 18. Ne3 d4 19. Ng4 Ng5 20. Nfh2 Bc6 21. f4 Ngh7
22. Nf3 Rcd8 23. Bc1 b6 24. Qe2 Qd7 25. Nf2 Kh8 26. Ne4 Qb7 27. g4 f6 28. exf6
Nxf6 29. Nfd2 N8h7 30. g5 Nxe4 31. Nxe4 Rf8 32. Qg4 Qd7 33. Re2 1/2-1/2